Zlyhané úvery a ich vplyv na vybrané ukazovatele komerčných bánk v Slovenskej republike

Aktuálna problematika zlyhaných úverov v súčasnosti a prehľad ich vývoja v bankovom sektore SR v rokoch 2004-2014. Opatrenia, ktoré je nutné prijať na zlepšenie tejto situácie.

Gespeichert in:
Bibliographische Detailangaben
1. Verfasser: Tkáčová, Daniela, 1954-
Weitere Verfasser: Klimiková, Mária
Format: Buchkapitel
Sprache:Slowakisch
Schlagworte:
Tags: Tag hinzufügen
Keine Tags, Fügen Sie das erste Tag hinzu!

MARC

LEADER 00000naa a2200000 4500
001 0207842
005 20240502073445.9
041 0 |a slo 
044 |a SK 
245 1 0 |a Zlyhané úvery a ich vplyv na vybrané ukazovatele komerčných bánk v Slovenskej republike  |c Daniela Tkáčová, Mária Klimiková 
520 |a Aktuálna problematika zlyhaných úverov v súčasnosti a prehľad ich vývoja v bankovom sektore SR v rokoch 2004-2014. Opatrenia, ktoré je nutné prijať na zlepšenie tejto situácie. 
610 2 0 |a banky obchodné 
610 2 0 |a úver bankový 
610 2 0 |a podnikanie 
610 2 0 |a banky obchodné 
610 2 0 |a riziko úverové 
610 2 0 |a Slovensko 
610 2 0 |a pohľadávky 
100 1 |a Tkáčová, Daniela, 1954- 
700 1 |a Klimiková, Mária